| 000 | 03599ngm a22005054i 4500 | ||
|---|---|---|---|
| 001 | 991061308194006706 | ||
| 003 | ES-BaIT | ||
| 005 | 20260428141715.0 | ||
| 008 | 250404s2008 xxk||| |-|||||q|| vleng|c | ||
| 024 | 8 | _a5051083018883 | |
| 028 | 4 | 0 |
_a10040 _bDC |
| 040 |
_aES-BaIT _bcat _erda _cES-BaIT |
||
| 080 | _a793.4(086.8) | ||
| 245 | 0 | 0 |
_aHans van Manen Festival _bDutch national ballet and guests from Bayerisches staatsballett, Nederlands Dans Theater II, Kirov ballet ; produced, directed an edited by 3 minutes West, Altin Kaftira, Adrienne Liron, Jeff Tudor |
| 264 | 1 |
_aLondon : _bDigital Classics, _c2008 |
|
| 300 |
_a1 videodisc (DVD) (90 min ballet+48 min bonus): _bcolor, so; _c19 cm |
||
| 336 |
_aimatge en moviment bidimensional _btdi _2rdacontent |
||
| 337 |
_avídeo _bv _2rdamedia |
||
| 338 |
_avideodisc _bvd _2rdacarrier |
||
| 344 |
_adigital _bòptic _gestèreo _2rda |
||
| 347 |
_afitxer vídeo _bDVD vídeo _etotes les regions _2rda |
||
| 500 | _aFormat de pantalla (16:9) | ||
| 500 | _aEnregistrat al Festival Hans Manen cel·lebrat a Amsterdam de l'11 al 16 de setembre de 2007 | ||
| 500 | _aPaís i any de producció: Països Baixos, 2007 | ||
| 505 | 8 | _aConté: Adagio Hammerklavier / music by Beethoven ; performed by Dutch National Ballet including Natalia Hoffmann, Larissa Lezhnina, Tamás Nagy, Anna Tsygankova, Jozef Varga, Artem Yachmennikov -- Trois gnossiennes / music by Erik Satie ; performed by Kirov Ballet, Uliana Lopatkina, Ivan Kozlov -- Simple Things / music by Guy Klusevsek, Alan Bern, Josef Haydn, Peteris Vasks ; performed by Nederlands Dans Theater II, Celia Amade, Nina Botkay, Javier Monzon, Roger van Der Poel -- 5 Tangos / music by Astor Piazzolla ; performed by Bayerisches Staatsballett, Lucia Lacarra, Alen Bottaini | |
| 508 | _aCoproducció: Dutch National Ballet i 3 Minuts West | ||
| 520 | _a"The Hans van Manen Festival was staged by The Dutch National Ballet to celebrate the work of choreographer Hans van Manen for his 75th birthday. International guest artists from companies such as the Kirov Ballet, and Nederlands Dans Theater, joined Dutch National Ballet to perform some of van Manen's most celebrated ballets.This gala event includes stunning performances from internationally renowned ballerinas Uliana Lopatkina, Lucia Lacarra and the brightest stars of Dutch dance including Larissa Lezhnina and Igone de Jongh of Dutch National Ballet and the young talent of Nederlands Dans Theater. Recorded at Het Muziektheater, Amsterdam, with behind the scenes footage and interviews." -- contenidor | ||
| 525 | _aInclou bonus: Interview: Hans Van Manen and eminent performers -- Twilight / music by John Cage ; performed by Dutch National Ballet, Igone de Jongh, Alexander Zhembrovskyy | ||
| 546 | _aVersió original en anglès, versions doblades, subtítols | ||
| 600 | 1 | 7 |
_aManen, Hans van, _d1932-2025 _xCrítica i interpretació _2lemac _9103463 |
| 650 | 4 |
_aDansa clàssica _xCoreografies _956589 |
|
| 655 | 7 |
_aDansa filmada _2lemac _9168293 |
|
| 700 | 1 |
_aManen, Hans van, _d1932-2025 _ecoreògraf _931265 |
|
| 710 | 2 |
_aNationale Ballet (Països Baixos) _eballarí _9146145 |
|
| 710 | 2 |
_aMariinskii teatr (1991-). _bBalet _eballarí _9105973 |
|
| 710 | 2 |
_aBayerisches Staatsballett _eballarí _997205 |
|
| 730 | 0 |
_aAdagio hammerklavier (Coreografia) _9169326 |
|
| 730 | 0 |
_aTrois gnossiennes (Coreografia) _9169327 |
|
| 730 | 0 |
_aSimple things (Coreografia) _9169328 |
|
| 730 | 0 |
_a5 tangos (Coreografia) _9169329 |
|
| 730 | 0 |
_aTwilight (Coreografia) _9169330 |
|
| 908 | _aCDMAE | ||
| 940 | _aCDMAE | ||
| 942 |
_2udc _c5 |
||
| 999 |
_c137411 _d137411 |
||